• 首页
  • 本馆介绍
  • 公告通知
  • 最新文献
  • 馆藏检索
  • 电子资源
  • 读者导购
  • 参考咨询
  • 我的图书馆
  • 登录
  • 详细信息显示
  • 放入我的书架
  • 预约/预借图书
  • 作者相关作品
  • 分类相关作品
  • 丛书相关作品
  • 出版社相关作品

书目信息

  • 表格格式
  • 工作单格式
  • 卡片格式
题名:
流动资金简论
    
 
作者: 许毅 , 王琢 , 黄菊波 著
分册:  
出版信息: 上海   上海人民出版社  1961.09
页数: 104页
开本: 19cm
丛书名:
单 册:
中图分类: F124.7
科图分类:
主题词: 经济--中国
电子资源:
ISBN:
000 00635nam0 2200241 45
001 0204110981
005 20031219104109.0
010    @dCNY0.28
091    @a4074.281
100    @a20020411d1961 km y0chiy0120 ea
101 0  @achi
105    @a z 000yy
200 1  @a流动资金简论@ALiu Dong Zi Jin Jian Lun@f许毅,王琢,黄菊波著@FXu Yi,Wang Zhuo,Huang Ju Bo Zhu
205    @a第二版
210    @a上海@c上海人民出版社@d1961.09
215    @a104页@d19cm
606 0  @a经济@x中国
690    @aF124.7@v3
701  0 @a许毅@4著
701  0 @a王琢@4著
701  0 @a黄菊波@4著
801    @aCN@bTSTC@c20020411
905    @f1@b7479@dF124.7@e1
    
    流动资金简论/许毅,王琢,黄菊波著.-第二版.-上海:上海人民出版社,1961.09
    104页;19cm
    
    
    ISBN :CNY0.28
    
●
相关链接 在E读中查询图书 在五车中查询图书 在当当中查询图书 在豆瓣中查询图书


正题名:流动资金简论     索取号:F124.7/1         预约/预借

序号 登录号 条形码 馆藏地/架位号 状态 备注
1 0007479   001793045   密集书库/ [索取号:F124.7/1] 在馆    
唐山师范学院图书馆 欢迎您!
大连网信软件有限公司© 版权所有